| 000 | 01222nam a22003737a 4500 | ||
|---|---|---|---|
| 001 | BR2022000588 | ||
| 003 | BR-BrBNA | ||
| 005 | 20230928105648.0 | ||
| 007 | ta | ||
| 008 | 230509b bl.||||| |||| 00| 0 por d | ||
| 020 | _a978-65-5024-008-0 | ||
| 040 |
_aBR-BrBNA _bpor _cBiblioteca Nacional de Agricultura |
||
| 041 | _a(Por) | ||
| 072 | _aK10; P01; K70 | ||
| 090 | _ K10 BR2022000588 | ||
| 100 | 1 | _aEspada, A.L.V. | |
| 100 | 1 | _aSantos, B. de V.S. | |
| 100 | 1 | _aSantos, C.E.N. dos | |
| 110 | 1 |
_aInstituto Chico Mendes de Conservação da Biodiversidade, Brasília, DF (Brasil) _95960 |
|
| 245 | 1 | _aManejo Florestal Comunitário em unidades de conservação de uso sustentável na Amazônia: guia sobre planejamento participativo, execução colaborativa e gestão comunitária | |
| 260 | 3 |
_aBrasília, DF (Brasil): _c2019. |
|
| 300 | _a80 p. | ||
| 500 | _a48 ref.; 50 illus.; 8 tables | ||
| 650 | _aFLORESTA | ||
| 650 | _aMANEJO | ||
| 650 | _aINVENTÁRIO FLORESTAL | ||
| 650 | _aPROTEÇAO FLORESTAL | ||
| 650 | _aPRODUÇÃO FLORESTAL | ||
| 650 | _aECOLOGIA FLORESTAL | ||
| 650 | _aEXPLORAÇÃO FLORESTAL | ||
| 650 | _aLEGISLAÇÃO | ||
| 909 |
_a202309 _bLucia _c55 _dLucia Elande |
||
| 942 | _cBK | ||
| 999 |
_c86093 _d86093 |
||